Вып. 10: Электронные процессы на поверхности; Вопросы электроники твердого тела

Dettagli Bibliografici
Parent link:Вопросы электроники твердого тела: [сборник статей]/ Ленинградский государственный университет (ЛГУ). Вып. 10: Электронные процессы на поверхности.— , 1968
Lingua:russo
Pubblicazione: 1988
Serie:Ученые записки Ленинградского государственного университета Т. 421
Серия физических наук Вып. 32
Soggetti:
Natura: MixedMaterials Libro
KOHA link:https://koha.lib.tpu.ru/cgi-bin/koha/opac-detail.pl?biblionumber=261788

MARC

LEADER 00000nam2a2200000 4500
001 261788
005 20231101233608.0
035 |a (RuTPU)RU\TPU\book\284769 
035 |a RU\TPU\book\294887 
035 |a RU\TPU\book\296398 
090 |a 261788 
100 |a 20141024d1988 k y0rusy50 ca 
101 0 |a rus 
102 |a RU 
105 |a a z 001zy 
200 0 |a Вып. 10: Электронные процессы на поверхности 
210 |d 1988 
215 |a 163 с.  |c ил. 
225 1 |a Ученые записки Ленинградского государственного университета  |v Т. 421 
225 1 |a Серия физических наук  |v Вып. 32 
320 |a Библиогр. в конце ст. 
461 1 |0 (RuTPU)RU\TPU\book\294887  |t Вопросы электроники твердого тела  |o [сборник статей]  |f Ленинградский государственный университет (ЛГУ)  |v Вып. 10: Электронные процессы на поверхности  |d 1968 
606 1 |a Твердые тела  |x Электрические свойства  |2 stltpush  |3 (RuTPU)RU\TPU\subj\58710  |9 76468 
610 1 |a электроника 
610 1 |a электрофизика 
610 1 |a фотоЭДС 
610 1 |a масс-спектрометрия 
610 1 |a адсорбция 
610 1 |a фотоэмиссия 
610 1 |a электропроводность 
610 1 |a электроника 
610 1 |a физика 
610 1 |a твердое тело 
610 1 |a фотоэлектронная спектроскопия 
610 1 |a масс-спектроскопия 
610 1 |a электронные процессы 
675 |a 539.2:537  |v 3 
801 0 |a RU  |b 63413507  |c 20011209  |g PSBO 
801 2 |a RU  |b 63413507  |c 20141024  |g PSBO 
942 |c BK